| 000 | 01227cam a22003493a 4500 | ||
|---|---|---|---|
| 001 | 15772 | ||
| 003 | PGUSA | ||
| 005 | 20140828083334.0 | ||
| 008 | 050506s2005||||xxu|||||s|||||000 | eng d | ||
| 040 |
_aPGUSA _beng |
||
| 042 | _adc | ||
| 050 | 4 | _aU | |
| 050 | 4 | _aJC | |
| 100 | 1 |
_aMachiavelli, Niccolò, _d1469-1527 |
|
| 245 | 1 | 0 |
_aMachiavelli, Volume I _h[electronic resource] / _cNiccolò Machiavelli |
| 260 |
_bProject Gutenberg, _c2005 |
||
| 500 | _aContains: "The Arte of Warre" translated by Peter Whitehorne, (1560), and "The Prince, E.D. with Some Animadversions Noting and Taxing his Errors" translated by Edward Dacres (1640). | ||
| 505 | 0 | _aThe Art of War -- The Prince. | |
| 506 | _aPublic domain in the USA. | ||
| 516 | _aElectronic text | ||
| 653 | _aPolitical science -- Early works to 1800 | ||
| 653 | _aMilitary art and science -- Early works to 1800 | ||
| 653 | _aWar -- Early works to 1800 | ||
| 653 | _aFlorence (Italy) -- History | ||
| 653 | _aPolitical ethics | ||
| 700 | 1 | _aDacres, Edward | |
| 700 | 1 | _aWhitehorne, Peter | |
| 700 | 1 |
_aCust, Henry John Cockayne, _d1861-1917 |
|
| 830 | 0 |
_aProject Gutenberg _v15772 |
|
| 856 | 4 | 0 | _uhttp://www.gutenberg.org/ebooks/15772 |
| 942 | _cEB | ||
| 999 |
_c245027 _d245027 |
||